Catálogo
 En Linea

Catálogo obras de Avelino Stanley / (Registro nro. 50003)

Detalles MARC
000 -CABECERA
campo de control de longitud fija 00462nam a22001817a 4500
003 - IDENTIFICADOR DEL NÚMERO DE CONTROL
campo de control DO-SdBNP
005 - FECHA Y HORA DE LA ÚLTIMA TRANSACCIÓN
campo de control 20220127082235.0
007 - CAMPO FIJO DE DESCRIPCIÓN FÍSICA--INFORMACIÓN GENERAL
campo de control de longitud fija ta
008 - DATOS DE LONGITUD FIJA--INFORMACIÓN GENERAL
campo de control de longitud fija 210625e2017 dr a|||grc||| 001 0 spa d
040 ## - FUENTE DE LA CATALOGACIÓN
Centro catalogador/agencia de origen DO-SdBNP
Lengua de catalogación spa
Centro/agencia transcriptor BNPHU
082 #4 - NÚMERO DE LA CLASIFICACIÓN DECIMAL DEWEY
Número de documento/Ítem C357A
Número de edición 22
245 00 - MENCIÓN DE TÍTULO
Título Catálogo obras de Avelino Stanley /
260 ## - PUBLICACIÓN, DISTRIBUCIÓN, ETC.
Lugar de publicación, distribución, etc. Santo Domingo :
Nombre del editor, distribuidor, etc. Santuario,
Fecha de publicación, distribución, etc. 2017.
300 ## - DESCRIPCIÓN FÍSICA
Extensión [23 p.]:
Otras características físicas il. ;
Dimensiones 23 cm.
590 ## - NOTA LOCAL (RLIN)
Nota local Inventariado, 2021/MF
910 ## - DATOS DE OPCIÓN DEL USUARIO (OCLC)
Datos de opción del usuario MF
942 ## - ELEMENTOS DE PUNTO DE ACCESO ADICIONAL (KOHA)
Fuente del sistema de clasificación o colocación Dewey Decimal Classification
Tipo de ítem Koha Folleto
Existencias
Estado de retiro Estado de pérdida Fuente del sistema de clasificación o colocación No para préstamo Código de colección Localización permanente Ubicación/localización actual Ubicación en estantería Fecha de adquisición Total de préstamos Signatura topográfica completa Código de barras Fecha visto por última vez Precio válido a partir de Tipo de ítem Koha Número de copia Restricciones de uso
    Dewey Decimal Classification Préstamo en sala Patrimonio Dominicano Biblioteca Nacional Pedro Henríquez Ureña Dominicana Depósito 25.06.2021   BNPHU DS C357A 2021-2250 25.06.2021 25.06.2021 Libro y Folleto Colección Patrimonio Dominicano    
    Dewey Decimal Classification   Monografías: Libros y Folletos Biblioteca Nacional Pedro Henríquez Ureña Dominicana En catalogación 07.04.2017   C357A 2022-0284 27.01.2022 27.01.2022 Folleto e.4 Préstamo en sala
    Dewey Decimal Classification   Monografías: Libros y Folletos Biblioteca Nacional Pedro Henríquez Ureña Dominicana En catalogación 07.04.2017   BNPHU DS C357A 2022-0285 27.01.2022 27.01.2022 Folleto e.5 Préstamo en sala
    Dewey Decimal Classification Excluido de préstamo Patrimonio Dominicano Biblioteca Nacional Pedro Henríquez Ureña Patrimonio Dominicano Depósito 25.06.2021   BNPHU PD C357A 2021-2248 25.06.2021 25.06.2021 Libro y Folleto Colección Patrimonio Dominicano    
    Dewey Decimal Classification Excluido de préstamo Patrimonio Dominicano Biblioteca Nacional Pedro Henríquez Ureña Patrimonio Dominicano Depósito 25.06.2021   BNPHU PD C357A 2021-2249 25.06.2021 25.06.2021 Libro y Folleto Colección Patrimonio Dominicano e.2  

Con tecnología Koha